The social in question : new bearings in history and the social sciences

Αποθηκεύτηκε σε:
Λεπτομέρειες βιβλιογραφικής εγγραφής
Άλλοι συγγραφείς: Joyce, Patrick (Επιμελητής έκδοσης)
Μορφή: Βιβλίο
Γλώσσα:English
Δημοσίευση: London; New York : Routledge, 2002
Θέματα:
Ετικέτες: Προσθήκη ετικέτας
Δεν υπάρχουν, Καταχωρήστε ετικέτα πρώτοι!

MARC

LEADER 00000nam a2200000 i 4500
001 1/35443
008 030509s2002 eng d
020 |a 0-415-23199-X 
035 |l 10069880 
040 |a GR-MY-UA  |b gre  |e aacr 
041 0 |a eng 
082 0 |a 301.09  |2 (21) 
245 1 4 |a The social in question :  |b new bearings in history and the social sciences /  |c edited by Patrick Joyce 
260 |a London; New York :   |b Routledge,   |c 2002 
300 |a 224 σ.;  |b πιν., διαγρ.;  |c 24 εκ. 
504 |a Περιέχει βιβλιογραφία και ευρετήριο 
650 0 0 |a Sociology  |x History. 
650 0 0 |a Sociology  |x Historiography. 
650 0 0 |a Social history  |x Historiography. 
700 1 |a Joyce, Patrick.  |4 edt 
852 |a INST  |b LESVOS  |e 20030509  |h 301.09 SOC  |p 005100024637  |q 005100024637  |t BK  |y 0 
852 |a INST  |b LESVOS  |e 20050609  |h 301.09 SOC  |p 005100032325  |q 005100032325  |t BK  |y 0 
901 |a BIBL1-2003-2 
901 |a BIBL1-2005-2 
909 |a Λ  |b 103022 
909 |a Λ  |b 118410 
920 |a ΕΠΕΑΕΚ ΚΟΙΝΩΝΙΚΗΣ ΑΝΘΡΩΠΟΛΟΓΙΑΣ ΚΑΙ ΙΣΤΟΡΙΑΣ  |y ΛΕΣΒΟΣ  |z 2005-01 
922 |a 1ΕΛΗ  |b 200211  |c ΕΠΕΑΕΚ2/ΤΚΑ  |d ΠΑΠΑΣΩΤΗΡΙΟΥ & ΕΛΕΥΘΕΡΟΥΔΑΚΗΣ 
950 |a 117-2002-09-20 
970 |a ΧΡΙΣΤΟΦΑ  |b ΝΙΚΗ  |z 2003/05/09